000 00414nmm a2200145Ia 4500
008 251105s9999||||xx |||||||||||||||||und||
041 _aspa
100 _aArauz, Nessita
245 0 _aFitness Emocional
264 _a[Madrid, España] :
_bEdiciones B,
_c2017
300 _a470 páginas
650 _aSelf-help and personal development
856 _uhttps://public.digitaliapublishing.com/a/53571
942 _cCF
999 _c106510
_d106510